| 000 | 004580000a22001690004500 | ||
|---|---|---|---|
| 041 | 0 | _aSPA | |
| 082 | 0 | 4 | _aG 264 M7221s |
| 100 | 1 | _aPaís de Molina, Sara | |
| 245 | 1 | 0 | _aSantificando el dia del Señor / Sara País Molina |
| 260 | _aEl Paso, TX., USA : Casa Bautista de Publicaciones | ||
| 300 | _a88 Pag | ||
| 001 | 7192 | ||
| 942 | _cBK | ||
| 999 |
_c37416 _d37416 |
||
| 336 |
_atexto _btxt _2rdacontent |
||
| 337 |
_2rdamedia _asin mediación _bn |
||
| 338 |
_2rdacarrier _avolumen _bnc |
||